[Event "London Classic Open 2014"]
[Site "London ENG"]
[Date "2014.12.13"]
[Round "6.83"]
[White "Grey, Nicholas D"]
[Black "Ali, Niall"]
[Result "1-0"]
[WhiteElo "1766"]
[BlackElo "1553"]
[WhiteFideId "415448"]
[BlackFideId "430528"]
[EventDate "2014.12.08"]

1. e4 e6 2. d4 d5 3. Nc3 Bb4 4. e5 c5 5. a3 Bxc3+ 6. bxc3 Qa5 7. Bd2 Qa4 8. Nf3
Nc6 9. h4 cxd4 10. cxd4 Nxd4 11. Bd3 Nxf3+ 12. Qxf3 Bd7 13. Rb1 Qxa3 14. O-O Bc6
15. Rxb7 Bd7 16. Rxd7 Ne7 17. Rb1 a5 18. Rbb7 Qa1+ 19. Kh2 Qxe5+ 20. Bf4 Qf6 21.
Bb5 Qxh4+ 22. Kg1 Kf8 23. Bd6 1-0

[Event "London Classic Open 2014"]
[Site "London ENG"]
[Date "2014.12.13"]
[Round "6.87"]
[White "Siddiqui, Nida Mishraz"]
[Black "Miu, Marinel"]
[Result "0-1"]
[WhiteTitle "WCM"]
[WhiteElo "1636"]
[BlackElo "1743"]
[WhiteFideId "7800495"]
[BlackFideId "1220691"]
[EventDate "2014.12.08"]

1. e4 e6 2. d4 d5 3. exd5 exd5 4. Nf3 Bb4+ 5. c3 Bd6 6. Be3 c6 7. Bd3 Ne7 8. O-O
Bf5 9. Re1 O-O 10. Bxf5 Nxf5 11. Bg5 f6 12. Bc1 Nd7 13. Qd3 g6 14. c4 Re8 15.
Rxe8+ Qxe8 16. Nc3 dxc4 17. Qxc4+ Qf7 18. Qxf7+ Kxf7 19. Ne4 Re8 20. Nxd6+ Nxd6
21. Kf1 Re4 22. b3 Nf5 23. Bb2 Nb6 24. Re1 Rxe1+ 25. Kxe1 h5 26. Ke2 Ke6 27. g3
Nd5 28. a3 Nc7 29. Kd3 Kd5 30. Nd2 Nd6 31. Nc4 b5 32. Nxd6 Kxd6 33. Ke4 Nd5 34.
Kd3 f5 35. Bc1 Nf6 36. f3 Kd5 37. Bg5 Ne8 38. Bd2 Nc7 39. h3 Ne6 40. Be3 a6 41.
f4 Ng7 42. Bf2 Ne8 43. Ke2 Nf6 44. Kf3 Ne4 45. Be3 Nc3 46. g4 hxg4+ 47. hxg4 Nb1
48. gxf5 gxf5 49. a4 bxa4 50. bxa4 a5 51. Bf2 Nc3 52. Be1 Kxd4 53. Bd2 Kd3 54.
Be1 c5 55. Kf2 c4 56. Kg3 Ne4+ 57. Kh4 c3 58. Bxc3 Kxc3 59. Kh5 Kb3 60. Kg6 Ng3
61. Kg5 Kxa4 62. Kh4 Kb3 63. Kxg3 a4 64. Kh4 a3 65. Kg5 a2 66. Kxf5 a1=Q 67. Kg6
Qh8 68. f5 Qf8 69. f6 Kc4 70. f7 Kd5 71. Kf6 Kd6 72. Kg6 Ke7 73. Kh7 Qxf7+ 74.
Kh8 Qf1 75. Kg8 Qg1+ 76. Kh8 Kf6 77. Kh7 Qg7# 0-1

[Event "London Classic Open 2014"]
[Site "London ENG"]
[Date "2014.12.13"]
[Round "6.89"]
[White "Inglese, Guido"]
[Black "Lie, Terje"]
[Result "0-1"]
[WhiteElo "1619"]
[BlackElo "1593"]
[WhiteFideId "821250"]
[BlackFideId "1504916"]
[EventDate "2014.12.08"]

1. d4 Nf6 2. Nf3 e6 3. Bf4 Nc6 4. e3 d5 5. Bd3 Bb4+ 6. c3 Bd6 7. Ne5 O-O 8. Nd2
Ne7 9. h4 Ng6 10. g4 Nxf4 11. exf4 c5 12. g5 Nd7 13. Qe2 cxd4 14. cxd4 Bb4 15.
O-O Bxd2 16. Qxd2 f6 17. Nxd7 Bxd7 18. Bxh7+ Kxh7 19. g6+ Kxg6 20. Qe2 Rh8 21.
Qg4+ Kf7 22. h5 Qf8 23. Qg6+ Ke7 24. f5 Qf7 25. Rfe1 Rxh5 26. Qxf7+ Kxf7 27.
fxe6+ Bxe6 28. Rac1 Rg5+ 29. Kf1 Bh3+ 30. Ke2 Re8+ 31. Kd2 Rc8 32. Rc5 Rxc5 33.
dxc5 Bd7 34. b4 a6 35. Re3 Rg4 36. a3 Rf4 37. f3 Bc6 38. Rd3 d4 0-1

[Event "London Classic Open 2014"]
[Site "London ENG"]
[Date "2014.12.13"]
[Round "7.1"]
[White "Dragun, Kamil"]
[Black "Naroditsky, Daniel"]
[Result "1-0"]
[WhiteTitle "GM"]
[BlackTitle "GM"]
[WhiteElo "2547"]
[BlackElo "2620"]
[WhiteFideId "1134167"]
[BlackFideId "2026961"]
[EventDate "2014.12.08"]

1. d4 Nf6 2. c4 e6 3. Nf3 d5 4. Nc3 Bb4 5. Qb3 c5 6. dxc5 Nc6 7. Bg5 h6 8. Bxf6
Qxf6 9. cxd5 exd5 10. e3 O-O 11. Bb5 Bxc3+ 12. Qxc3 Qxc3+ 13. bxc3 Ne7 14. Nd4
Rd8 15. Rb1 Bd7 16. Kd2 Rac8 17. Bxd7 Rxd7 18. Rb5 a6 19. Ra5 Ng6 20. f4 Rdc7
21. Rb1 Nf8 22. c6 bxc6 23. Rxa6 Nd7 24. Kc2 Nc5 25. Rab6 Kh7 26. Rb8 Rxb8 27.
Rxb8 Ra7 28. Kb1 Ne4 29. Kb2 c5 30. Nb5 Ra5 31. Nc7 Nf2 32. Ra8 Nd1+ 33. Kb3
Rxa8 34. Nxa8 Nxe3 35. Nb6 d4 36. cxd4 cxd4 37. g3 Kg6 38. a4 Kf5 39. a5 Ke4 40.
a6 d3 41. Kc3 1-0

[Event "London Classic Open 2014"]
[Site "London ENG"]
[Date "2014.12.13"]
[Round "7.2"]
[White "Tkachiev, Vladislav"]
[Black "Bluebaum, Matthias"]
[Result "1-0"]
[WhiteTitle "GM"]
[BlackTitle "IM"]
[WhiteElo "2629"]
[BlackElo "2560"]
[WhiteFideId "618438"]
[BlackFideId "24651516"]
[EventDate "2014.12.08"]

1. c4 c6 2. Nf3 d5 3. e3 Nf6 4. Nc3 e6 5. d4 Nbd7 6. Qc2 Bd6 7. b3 O-O 8. Be2
Qe7 9. O-O b6 10. Bb2 Bb7 11. Rad1 Rad8 12. Rfe1 Rfe8 13. g3 c5 14. cxd5 Nxd5
15. Nxd5 Bxd5 16. e4 Bb7 17. d5 Bb8 18. Bc4 a6 19. dxe6 fxe6 20. a4 h6 21. Qe2
Nf6 22. Rxd8 Rxd8 23. Bxa6 Bxa6 24. Qxa6 Qd6 25. e5 Qd5 26. exf6 Qxf3 27. Qxb6
Rd2 28. Qxb8+ Kh7 29. Qf4 Qxf4 30. gxf4 Rxb2 31. f7 1-0

[Event "London Classic Open 2014"]
[Site "London ENG"]
[Date "2014.12.13"]
[Round "7.3"]
[White "Socko, Bartosz"]
[Black "Stopa, Jacek"]
[Result "1-0"]
[WhiteTitle "GM"]
[BlackTitle "IM"]
[WhiteElo "2617"]
[BlackElo "2521"]
[WhiteFideId "1107038"]
[BlackFideId "1119591"]
[EventDate "2014.12.08"]

1. d4 d5 2. c4 c6 3. e3 Nf6 4. Nf3 g6 5. Nc3 Bg7 6. Bd3 O-O 7. O-O dxc4 8. Bxc4
Bg4 9. Be2 Nbd7 10. e4 Qa5 11. Be3 Bxf3 12. Bxf3 e5 13. Qb3 b5 14. Rfd1 exd4 15.
Bxd4 Rfe8 16. Rac1 Rad8 17. a3 a6 18. Qc2 c5 19. Be3 c4 20. h3 Rc8 21. Nd5 Nxd5
22. Rxd5 Nb6 23. Rd6 Rb8 24. Rc6 b4 25. Rc5 Qa4 26. Rxc4 Qxc2 27. R4xc2 b3 28.
Rd2 Na4 29. Rb1 Red8 30. Rxd8+ Rxd8 31. Bd1 Rb8 32. Bf4 Rb7 33. e5 g5 34. Bg3
Bf8 35. Bf3 Rb6 36. Bd5 Bc5 37. Rc1 Bxa3 38. Ra1 Bxb2 39. Rxa4 Bc3 40. Be4 b2
41. Bb1 Rc6 42. Kf1 a5 43. Ke2 Rc8 44. Ra3 Bd4 45. Ra4 Rc1 46. Rxd4 Rxb1 47.
Rd8+ Kg7 48. Rb8 a4 49. e6 a3 50. e7 a2 51. e8=Q Re1+ 52. Kxe1 a1=Q+ 53. Ke2
Qa6+ 54. Qb5 1-0

[Event "London Classic Open 2014"]
[Site "London ENG"]
[Date "2014.12.13"]
[Round "7.4"]
[White "Fier, Alexandr"]
[Black "Vakhidov, Jahongir"]
[Result "1/2-1/2"]
[WhiteTitle "GM"]
[BlackTitle "GM"]
[WhiteElo "2592"]
[BlackElo "2502"]
[WhiteFideId "2107139"]
[BlackFideId "14201801"]
[EventDate "2014.12.08"]

1. d4 Nf6 2. c4 c5 3. d5 e5 4. Nc3 d6 5. e4 Nbd7 6. Be2 a6 7. Nf3 Be7 8. O-O O-O
9. a3 Ne8 10. b4 a5 11. bxa5 g6 12. Nd2 Qxa5 13. Nb3 Qd8 14. a4 Ng7 15. a5 f5
16. Bh6 Nf6 17. f3 Bd7 18. Nxc5 Rxa5 19. Nxd7 Nxd7 20. exf5 gxf5 21. Be3 Bg5 22.
Bf2 Rxa1 23. Qxa1 Qe7 24. Qa7 e4 25. fxe4 Nc5 26. Bxc5 dxc5 27. d6 Qxd6 28. Nd5
fxe4 29. Qxb7 Nf5 30. Bg4 Nd4 31. Rxf8+ Qxf8 32. Qc8 Ne2+ 33. Kh1 Qxc8 34. Bxc8
h5 35. g3 e3 36. Kg2 Nc1 37. Nf4 Kf7 38. Kf3 Bxf4 39. gxf4 e2 40. Kf2 Kf6 41.
Ke1 Nd3+ 1/2-1/2

[Event "London Classic Open 2014"]
[Site "London ENG"]
[Date "2014.12.13"]
[Round "7.5"]
[White "Bai, Jinshi"]
[Black "Chirila, Ioan-Cristian"]
[Result "1-0"]
[WhiteTitle "IM"]
[BlackTitle "GM"]
[WhiteElo "2444"]
[BlackElo "2547"]
[WhiteFideId "8602280"]
[BlackFideId "1211668"]
[EventDate "2014.12.08"]

1. d4 Nf6 2. c4 g6 3. Nf3 Bg7 4. g3 O-O 5. Bg2 d5 6. cxd5 Nxd5 7. O-O Nb6 8. Nc3
Nc6 9. e3 Re8 10. Nh4 e5 11. d5 Ne7 12. e4 Bd7 13. Qb3 c6 14. Be3 cxd5 15. exd5
Rc8 16. Rad1 Bg4 17. Rd3 Nc6 18. h3 Na5 19. Qb5 e4 20. Rd4 Nac4 21. hxg4 Nxe3
22. fxe3 Bxd4 23. exd4 a6 24. Qb3 e3 25. Ne4 Kh8 26. Qxe3 Nxd5 27. Qh6 Rc7 28.
Ng5 f6 29. Nxg6+ Kg8 30. Ne6 Qd6 31. Bxd5 Qxd5 32. Nxc7 Qxd4+ 33. Kh2 1-0

[Event "London Classic Open 2014"]
[Site "London ENG"]
[Date "2014.12.13"]
[Round "7.6"]
[White "Fernandez, Daniel Howard"]
[Black "Lenderman, Aleksandr"]
[Result "0-1"]
[WhiteTitle "IM"]
[BlackTitle "GM"]
[WhiteElo "2454"]
[BlackElo "2608"]
[WhiteFideId "5801605"]
[BlackFideId "2021285"]
[EventDate "2014.12.08"]

1. b4 e5 2. Bb2 Bxb4 3. Bxe5 Nf6 4. Nf3 O-O 5. e3 d5 6. c4 Re8 7. a3 Ba5 8. Bb2
c5 9. cxd5 Nxd5 10. Be2 Nc6 11. O-O Bf5 12. Qb3 Qb6 13. Bc4 Qxb3 14. Bxb3 Rad8
15. Rc1 Bb6 16. Nc3 Nxc3 17. Bxc3 h6 18. a4 Bd3 19. Bc2 Ba5 20. Bxa5 Nxa5 21.
Bxd3 Rxd3 22. Rc3 Rxc3 23. dxc3 Rd8 24. h4 Rd3 25. Ne5 Rxc3 26. Rd1 f6 27. Ng6
Kf7 28. h5 Ke8 29. Rd6 Nc6 30. Nh4 Ne7 31. Re6 Kf7 32. Rd6 Rc1+ 33. Kh2 Rc4 34.
f4 Ke8 35. a5 Ra4 36. Rd3 Rxa5 37. e4 c4 38. Rh3 Rxh5 39. f5 c3 40. Kg3 c2 41.
Rh1 g5 42. Rd1 0-1

[Event "London Classic Open 2014"]
[Site "London ENG"]
[Date "2014.12.13"]
[Round "7.7"]
[White "Hawkins, Jonathan"]
[Black "Wells, Peter K"]
[Result "1/2-1/2"]
[WhiteTitle "IM"]
[BlackTitle "GM"]
[WhiteElo "2552"]
[BlackElo "2468"]
[WhiteFideId "412686"]
[BlackFideId "400327"]
[EventDate "2014.12.08"]

1. d4 Nf6 2. c4 e6 3. Nc3 Bb4 4. Qc2 O-O 5. Nf3 c5 6. dxc5 Na6 7. Bd2 Nxc5 8. e3
b6 9. a3 Bxc3 10. Bxc3 Bb7 11. Be2 Rc8 12. O-O d6 13. Rac1 Nce4 14. Nd2 Nxc3 1/2-1/2

[Event "London Classic Open 2014"]
[Site "London ENG"]
[Date "2014.12.13"]
[Round "7.8"]
[White "Hagen, Andreas Skytte"]
[Black "Greenfeld, Alon"]
[Result "0-1"]
[WhiteTitle "IM"]
[BlackTitle "GM"]
[WhiteElo "2430"]
[BlackElo "2536"]
[WhiteFideId "1407341"]
[BlackFideId "2800039"]
[EventDate "2014.12.08"]

1. e4 c5 2. Nf3 d6 3. d4 cxd4 4. Nxd4 Nf6 5. Nc3 Nc6 6. Bg5 e6 7. Qd2 Be7 8.
O-O-O O-O 9. f4 Nxd4 10. Qxd4 Qa5 11. Bc4 h6 12. Bh4 Qh5 13. Bg3 Rd8 14. h3 Bd7
15. Bh2 Qa5 16. Bb3 b5 17. Rhe1 b4 18. Nb1 Ba4 19. Qe3 d5 20. e5 Ne4 21. Bxa4
Qxa4 22. Qb3 Qc6 23. Bg1 a5 24. Nd2 Nc3 25. bxc3 a4 0-1

[Event "London Classic Open 2014"]
[Site "London ENG"]
[Date "2014.12.13"]
[Round "7.9"]
[White "Piorun, Kacper"]
[Black "Zumsande, Martin"]
[Result "1/2-1/2"]
[WhiteTitle "GM"]
[BlackTitle "IM"]
[WhiteElo "2517"]
[BlackElo "2428"]
[WhiteFideId "1130420"]
[BlackFideId "4651324"]
[EventDate "2014.12.08"]

1. Nf3 d5 2. g3 Nf6 3. Bg2 e6 4. O-O b5 5. d4 Be7 6. c3 Bb7 7. Bg5 Nbd7 8. Qd3
a6 9. a4 c5 10. Bxf6 Bxf6 11. Nbd2 c4 12. Qc2 O-O 13. axb5 axb5 14. e4 dxe4 15.
Nxe4 Qc7 16. h4 h6 17. Nxf6+ Nxf6 18. Qe2 Bd5 19. Ne5 Qb7 20. f3 Rxa1 21. Rxa1
Ra8 22. Rxa8+ Qxa8 23. Qd2 Qa1+ 24. Kf2 Ba8 25. g4 Qb1 26. h5 Nd5 27. f4 Qa1 28.
Kg3 Nf6 29. Bxa8 Qxa8 30. Qg2 Nd5 31. Qf2 Nf6 32. Qf3 Qa1 33. g5 hxg5 34. fxg5
Qg1+ 35. Kh3 Qxg5 36. Qa8+ Kh7 37. Qh8+ Kxh8 38. Nxf7+ Kg8 39. Nxg5 Nd5 40. Nxe6
b4 41. cxb4 Nxb4 42. Nc5 Nd3 43. Na4 Kf7 44. Kg3 Ke6 45. Kf3 Kf5 46. Ke3 Nf4 47.
Nb6 Nxh5 48. Nxc4 Nf6 49. Kf3 Ke6 50. Ne3 Kd6 51. b4 Kc6 52. Kf4 Kb5 53. Nc2 Kc4
54. Ke5 Nd7+ 55. Kd6 Nb6 56. Kc6 Nc8 57. Kd7 Na7 58. Ke6 Nb5 59. Kf5 Nxd4+ 60.
Nxd4 Kxd4 61. Kg6 Kc4 62. Kxg7 Kxb4 1/2-1/2

[Event "London Classic Open 2014"]
[Site "London ENG"]
[Date "2014.12.13"]
[Round "7.10"]
[White "Fodor, Tamas Jr."]
[Black "Guramishvili, Sopiko"]
[Result "1/2-1/2"]
[WhiteTitle "GM"]
[BlackTitle "IM"]
[WhiteElo "2499"]
[BlackElo "2388"]
[WhiteFideId "723762"]
[BlackFideId "13602888"]
[EventDate "2014.12.08"]

1. d4 d5 2. c4 e6 3. Nf3 Nf6 4. g3 dxc4 5. Bg2 c5 6. O-O Nc6 7. dxc5 Qxd1 8.
Rxd1 Bxc5 9. Nbd2 c3 10. bxc3 O-O 11. Nb3 Be7 12. c4 Bd7 13. Bb2 Rfd8 14. Nfd4
Rac8 15. Nb5 Be8 16. c5 Nb4 17. Nd6 Bxd6 18. cxd6 Bc6 19. Bxc6 Rxc6 20. Na5
Rcxd6 21. Rxd6 Rxd6 22. Rc1 h6 23. Nxb7 Rc6 24. Rxc6 Nxc6 25. f3 Nd5 26. Kf2 f6
27. e4 Ndb4 28. Nc5 Nxa2 29. Nxe6 Nab4 30. Nc5 Kf7 31. f4 Ke7 32. Ke2 Kd6 33.
Nb7+ Kc7 34. Nc5 1/2-1/2

[Event "London Classic Open 2014"]
[Site "London ENG"]
[Date "2014.12.13"]
[Round "7.11"]
[White "Stamos, Filippos"]
[Black "Gormally, Daniel W"]
[Result "0-1"]
[BlackTitle "GM"]
[WhiteElo "2060"]
[BlackElo "2499"]
[WhiteFideId "4242807"]
[BlackFideId "406465"]
[EventDate "2014.12.08"]

1. d4 Nf6 2. c4 e6 3. Nf3 Bb4+ 4. Bd2 Qe7 5. g3 Nc6 6. Nc3 O-O 7. Bg2 d6 8. d5
Nb8 9. dxe6 fxe6 10. Nd4 Bc5 11. Nf3 e5 12. O-O e4 13. Ne1 Bf5 14. Nc2 Nbd7 15.
b4 Bb6 16. Ne3 Bg6 17. Ncd5 Qf7 18. Nxb6 axb6 19. Bc3 Rfe8 20. Qc1 Ne5 21. f4
exf3 22. exf3 Bd3 23. Rd1 Be2 24. Re1 Nd3 25. Qd2 Nxe1 26. Rxe1 Bxc4 27. Nxc4
Rxe1+ 28. Qxe1 Qxc4 29. Bf1 Qf7 30. Bh3 Re8 31. Qd2 Nd5 32. Bd4 Qxf3 33. Bg2 Re2
34. Bxf3 Rxd2 35. Bxd5+ Kf8 36. Bxb6 cxb6 0-1

[Event "London Classic Open 2014"]
[Site "London ENG"]
[Date "2014.12.13"]
[Round "7.12"]
[White "Sadzikowski, Daniel"]
[Black "Houska, Jovanka"]
[Result "1-0"]
[WhiteTitle "IM"]
[BlackTitle "IM"]
[WhiteElo "2492"]
[BlackElo "2388"]
[WhiteFideId "1132253"]
[BlackFideId "405094"]
[EventDate "2014.12.08"]

1. c4 c6 2. d4 d5 3. Nc3 Nf6 4. Nf3 a6 5. Qc2 b5 6. e4 dxc4 7. b3 cxb3 8. axb3
e6 9. e5 Nd5 10. Bg5 Qd7 11. Nxd5 Qxd5 12. Bd3 Bb4+ 13. Bd2 Bxd2+ 14. Kxd2 a5
15. Rhc1 Bb7 16. Bxh7 c5 17. Bd3 cxd4 18. Be4 Qxe4 19. Qxe4 Bxe4 20. Rc8+ Ke7
21. Rxh8 a4 22. bxa4 bxa4 23. Nxd4 Nd7 24. Rxa8 Bxa8 25. f3 Nxe5 26. Rxa4 Bd5
27. Ra7+ Kf6 28. Ke3 g5 29. Rc7 Kg6 30. Nc2 Nc6 31. Kf2 Ne5 32. Nb4 Bc4 33. Nc6
Nxc6 34. Rxc6 Bd5 35. Rd6 Bc4 36. Ke3 Kf6 37. Rd8 Bf1 38. Kf2 Bc4 39. Rg8 Kf5
40. g3 Ba2 41. Ke3 Bd5 42. g4+ Kf6 43. f4 gxf4+ 44. Kxf4 e5+ 45. Kg3 Ke7 46. Rb8
f6 47. Rb5 Ke6 48. h4 Be4 49. h5 Kf7 50. Ra5 Kg7 51. Kh4 Bd3 52. Ra7+ Kg8 53.
Kg3 Bc2 54. h6 Be4 55. Rg7+ Kf8 56. Kf2 f5 57. Rg6 fxg4 58. h7 g3+ 59. Kxg3 1-0

[Event "London Classic Open 2014"]
[Site "London ENG"]
[Date "2014.12.13"]
[Round "7.13"]
[White "Dourerassou, Jonathan"]
[Black "Cumming, Rhys"]
[Result "1-0"]
[WhiteTitle "IM"]
[WhiteElo "2469"]
[BlackElo "2057"]
[WhiteFideId "628050"]
[BlackFideId "470163"]
[EventDate "2014.12.08"]

1. e4 c5 2. Nf3 Nc6 3. d4 cxd4 4. Nxd4 g6 5. c4 Bg7 6. Be3 Nf6 7. Nc3 Ng4 8.
Qxg4 Nxd4 9. Qd1 e5 10. Bd3 O-O 11. Qd2 d6 12. O-O Be6 13. Rac1 Rc8 14. b3 Qa5
15. Qb2 f5 16. exf5 Nxf5 17. Be4 Nxe3 18. fxe3 Bh6 19. Qd2 Kg7 20. Rfe1 Qb6 21.
Rcd1 Rcd8 22. Qe2 a6 23. Rd3 Qb4 24. Bd5 Bf5 25. Be4 Be6 26. Red1 b5 27. cxb5
axb5 28. Bf3 Bf5 29. e4 Qc5+ 30. Qf2 Qxf2+ 31. Kxf2 b4 32. exf5 bxc3 33. Rxc3
gxf5 34. Bd5 Rc8 35. Rxc8 Rxc8 36. Bc4 Rc6 37. a4 Bg5 38. a5 Bd8 39. a6 Kf6 40.
Kf1 Bb6 41. Bb5 1-0

[Event "London Classic Open 2014"]
[Site "London ENG"]
[Date "2014.12.13"]
[Round "7.14"]
[White "Kerigan, Demre"]
[Black "Hebden, Mark L"]
[Result "1-0"]
[WhiteTitle "FM"]
[BlackTitle "GM"]
[WhiteElo "2277"]
[BlackElo "2523"]
[WhiteFideId "6307841"]
[BlackFideId "400084"]
[EventDate "2014.12.08"]

1. e4 e5 2. Nf3 Nc6 3. Bb5 a6 4. Bxc6 dxc6 5. O-O Qf6 6. d4 exd4 7. Bg5 Qd6 8.
Nxd4 Be7 9. Be3 Bd7 10. Nc3 O-O-O 11. Qf3 Qg6 12. Nf5 Bf6 13. Rad1 Ne7 14. Nxe7+
Bxe7 15. Qg3 Qxg3 16. hxg3 h5 17. f3 f5 18. Bd4 Rh7 19. Rfe1 g5 20. Bf2 g4 21.
e5 Be6 22. Rxd8+ Bxd8 23. Ne2 gxf3 24. gxf3 h4 25. Nd4 hxg3 26. Bxg3 Bd5 27. e6
f4 28. Bxf4 Rg7+ 29. Kh2 Bh4 30. Nf5 Bxe1 31. Nxg7 Bb4 32. Bg5 Bxf3 33. e7 Bd6+
34. Kg1 Bxe7 35. Bxe7 Kd7 36. Bf8 Be4 37. c3 Bg6 38. Kf2 a5 39. Ke3 b6 40. Kd4
c5+ 41. Ke5 Bf7 42. a3 a4 43. Nf5 Bg8 44. Bh6 Bh7 45. Ne3 Bd3 46. Kd5 Be2 47.
Ke4 Kc6 48. Bf4 Bh5 49. Nd5 Bg6+ 50. Ke5 Bh7 51. Bg5 Bc2 52. Bd8 Bb3 53. Nxc7
Kd7 54. Na8 b5 55. Ba5 Kc6 56. Nc7 b4 57. cxb4 cxb4 58. axb4 Bc4 59. Ne6 1-0

[Event "London Classic Open 2014"]
[Site "London ENG"]
[Date "2014.12.13"]
[Round "7.15"]
[White "Holm, Kristian Stuvik"]
[Black "Arkell, Keith C"]
[Result "0-1"]
[WhiteTitle "FM"]
[BlackTitle "GM"]
[WhiteElo "2326"]
[BlackElo "2489"]
[WhiteFideId "1508083"]
[BlackFideId "400270"]
[EventDate "2014.12.08"]

1. Nf3 Nf6 2. c4 c5 3. Nc3 Nc6 4. g3 g6 5. Bg2 Bg7 6. d4 cxd4 7. Nxd4 Nxd4 8.
Qxd4 d6 9. O-O O-O 10. Qd3 Nd7 11. b3 Nc5 12. Qd2 Rb8 13. Bb2 b6 14. Rfd1 Bb7
15. Nd5 Bxb2 16. Qxb2 Bxd5 17. Rxd5 b5 18. cxb5 Rxb5 19. e4 f6 20. b4 Qb8 21. a3
e6 22. Rdd1 a5 23. Rab1 axb4 24. axb4 Kg7 25. h4 e5 26. Qa2 Rxb4 27. Rxb4 Qxb4
28. Rxd6 Rf7 29. Qd2 Qb1+ 30. Qd1 Rb7 31. Bf3 Qxd1+ 32. Rxd1 Rb4 33. Rd5 Nxe4
34. Rd7+ Kh6 35. Bxe4 Rxe4 36. Kg2 f5 37. Re7 Re1 38. Kf3 e4+ 39. Kg2 Re2 40.
Kf1 Rd2 41. Kg2 Rc2 42. h5 gxh5 43. Kg1 Kg6 44. Kf1 h6 45. Kg2 Kg5 46. Rg7+ Kf6
47. Rh7 e3 48. Kf3 e2 49. Rxh6+ Ke5 0-1

[Event "London Classic Open 2014"]
[Site "London ENG"]
[Date "2014.12.13"]
[Round "7.16"]
[White "Sanders, Isaac B"]
[Black "Wagner, Dennis"]
[Result "1/2-1/2"]
[WhiteTitle "FM"]
[BlackTitle "IM"]
[WhiteElo "2323"]
[BlackElo "2488"]
[WhiteFideId "417661"]
[BlackFideId "24650684"]
[EventDate "2014.12.08"]

1. Nf3 Nf6 2. c4 c5 3. b3 g6 4. Bb2 Bg7 5. g3 O-O 6. Bg2 Nc6 7. O-O d6 8. d4
cxd4 9. Nxd4 Bd7 10. Nc2 a6 11. Nc3 Rb8 12. Nd5 Nxd5 13. Bxg7 Ne3 14. Nxe3 Kxg7
15. Rc1 b6 16. Qd2 Kg8 1/2-1/2

[Event "London Classic Open 2014"]
[Site "London ENG"]
[Date "2014.12.13"]
[Round "7.17"]
[White "Buchicchio, Giampaolo"]
[Black "Hector, Jonny"]
[Result "0-1"]
[WhiteTitle "FM"]
[BlackTitle "GM"]
[WhiteElo "2301"]
[BlackElo "2477"]
[WhiteFideId "811491"]
[BlackFideId "1700090"]
[EventDate "2014.12.08"]

1. e4 e5 2. d4 exd4 3. Nf3 Nc6 4. Nxd4 Qf6 5. Be3 Bc5 6. c3 Qg6 7. Qe2 Nxd4 8.
Bxd4 Bxd4 9. cxd4 Ne7 10. Nc3 O-O 11. O-O-O d5 12. exd5 Re8 13. Qd2 Bf5 14. f3
Qd6 15. Bc4 a6 16. g4 Bg6 17. h4 h6 18. h5 Bh7 19. Ne4 Qd8 20. g5 hxg5 21. Rdg1
Nf5 22. Rxg5 Kh8 23. Qf4 Nd6 24. Rxg7 Kxg7 25. Rg1+ Kh8 26. Nf6 Qe7 27. Kd1 Nxc4 0-1

[Event "London Classic Open 2014"]
[Site "London ENG"]
[Date "2014.12.13"]
[Round "7.18"]
[White "Williams, Simon K"]
[Black "Maisuradze, Nino"]
[Result "0-1"]
[WhiteTitle "GM"]
[BlackTitle "WGM"]
[WhiteElo "2443"]
[BlackElo "2323"]
[WhiteFideId "404454"]
[BlackFideId "13601717"]
[EventDate "2014.12.08"]

1. d4 Nf6 2. Bg5 d5 3. Bxf6 exf6 4. e3 Be6 5. c4 dxc4 6. Nc3 c6 7. e4 Bb4 8. Ne2
O-O 9. Nf4 Qd6 10. Qd2 Rd8 11. Rd1 b5 12. Be2 Na6 13. O-O Ba5 14. Qc1 Bxc3 15.
bxc3 Nc7 16. Nh5 b4 17. f4 f5 18. g4 fxe4 19. f5 Bd5 20. cxb4 a5 21. bxa5 Ne8
22. Qc3 Nf6 23. Ng3 h6 24. Rd2 Re8 25. Bxc4 e3 26. Rc2 Bxc4 27. Qxc4 Rxa5 28.
Qxc6 Qxd4 29. Kh1 Rae5 30. Rc4 Qd2 31. Rc2 Qa5 32. Qc4 Qa8+ 33. Qc6 Qxc6+ 34.
Rxc6 Nxg4 35. Rc2 Rd8 36. Re2 Rd2 37. Rf4 Nf6 38. Kg2 Nd5 39. Rc4 Rxe2+ 40. Nxe2
Rxf5 41. Kg3 Rf2 42. Rc2 f5 43. Nd4 f4+ 44. Kg4 Rxc2 45. Nxc2 Kf7 46. a4 Ke6 47.
Kf3 Ke5 48. a5 Nc7 49. Nb4 g5 50. h3 h5 51. a6 Kf5 52. a7 g4+ 53. hxg4+ hxg4+
54. Kg2 e2 55. Kf2 f3 56. Nd5 Na8 57. Ne3+ Kf4 58. Nd5+ Ke4 59. Nf6+ Kd3 60. Ke1
g3 0-1

[Event "London Classic Open 2014"]
[Site "London ENG"]
[Date "2014.12.13"]
[Round "7.19"]
[White "Milliet, Sophie"]
[Black "Constantinou, Peter"]
[Result "1-0"]
[WhiteTitle "IM"]
[BlackTitle "FM"]
[WhiteElo "2387"]
[BlackElo "2276"]
[WhiteFideId "623725"]
[BlackFideId "413038"]
[EventDate "2014.12.08"]

1. e4 g6 2. d4 Bg7 3. Nf3 d6 4. Bc4 Nf6 5. Qe2 c6 6. e5 Nd5 7. h3 O-O 8. O-O h6
9. Re1 Be6 10. Bb3 Nc7 11. Nbd2 Bxb3 12. axb3 Nd7 13. Nf1 Ne6 14. Qe4 a6 15. Qh4
Kh7 16. N1h2 Rh8 17. Ng5+ Nxg5 18. Bxg5 f6 19. exf6 exf6 20. Bd2 Re8 21. Bxh6
Bxh6 22. Ng4 Rxe1+ 23. Rxe1 Qf8 24. Nxh6 Kg7 25. Ng4 1-0

[Event "London Classic Open 2014"]
[Site "London ENG"]
[Date "2014.12.13"]
[Round "7.20"]
[White "Bates, Caspar J"]
[Black "Kiik, Kalle"]
[Result "0-1"]
[BlackTitle "IM"]
[WhiteElo "2185"]
[BlackElo "2372"]
[WhiteFideId "414760"]
[BlackFideId "4500075"]
[EventDate "2014.12.08"]

1. Nf3 d5 2. b3 f6 3. d4 Bg4 4. Bb2 e6 5. Nbd2 Nh6 6. e3 c6 7. c4 Nd7 8. Be2 Bd6
9. e4 O-O 10. O-O Rc8 11. Ne1 f5 12. f3 fxe4 13. fxg4 Qg5 14. g3 Nf6 15. h3 Qe3+ 0-1

[Event "London Classic Open 2014"]
[Site "London ENG"]
[Date "2014.12.13"]
[Round "7.21"]
[White "Sowray, Peter J"]
[Black "Dale, Ari"]
[Result "0-1"]
[WhiteTitle "FM"]
[BlackTitle "IM"]
[WhiteElo "2365"]
[BlackElo "2252"]
[WhiteFideId "400971"]
[BlackFideId "3213145"]
[EventDate "2014.12.08"]

1. d4 Nf6 2. c4 g6 3. Nc3 d5 4. Nf3 Bg7 5. Qb3 dxc4 6. Qxc4 O-O 7. e4 a6 8. Be2
b5 9. Qb3 c5 10. dxc5 Be6 11. Qc2 Nbd7 12. Be3 Rc8 13. Rd1 b4 14. Nd5 Bxd5 15.
exd5 Nxc5 16. O-O Qd6 17. Bc4 Na4 18. Qxa4 Rxc4 19. Qb3 Rfc8 20. Qd3 Ng4 21. Rd2
Nxe3 22. Qxe3 Rc2 23. b3 R8c3 24. Qe4 Qc5 25. d6 exd6 26. Rd5 Qb6 27. Qe8+ Bf8
28. Ng5 Rxf2 29. Ne6 fxe6 30. Rdd1 Rxf1+ 0-1